F1 World champions 1950-2024 - Statistics

Statistiche generali
  • Questo quiz è stato fatto 97 volte
  • Il punteggio medio è 20 su 34
Statistiche sulle risposte
Risposta % Corretto
Michael Schumacher
97%
Ayrton Senna
95%
Lewis Hamilton
94%
Max Verstappen
94%
Alain Prost
88%
Sebastian Vettel
88%
Keke Rosberg
85%
Nico Rosberg
85%
Fernando Alonso
82%
Kimi Raikkonen
80%
Niki Lauda
78%
Juan Manuel Fangio
74%
Jenson Button
66%
Jacques Villeneuve
62%
Damon Hill
58%
Nigel Mansell
58%
Graham Hill
58%
Phil Hill
58%
Mika Hakkinen
58%
Alberto Ascari
57%
Nelson Piquet
55%
James Hunt
54%
Emerson Fittipaldi
46%
Giuseppe Farina
46%
Jody Scheckter
43%
Jackie Stewart
37%
John Surtees
28%
Jack Brabham
28%
Mario Andretti
28%
Jim Clark
26%
Alan Jones
23%
Jochen Rindt
23%
Denny Hulme
17%
Mike Hawthorn
17%
Nessun quiz corrispondente trovato
Distribuzione punteggi
Percentuale di utenti per punteggio
Percentile per numero di risposta
I tuoi punteggi nel tempo
Non hai fatto questo quiz